[Event "XXVI. Rhein-Main-Open, Gruppe A"]
[Site "Bad Homburg vor der Höhe"]
[Date "2024.05.30"]
[Round "4"]
[White "Schmid, Roland"]
[Black "Mallmann, Bernd"]
[Result "1-0"]
[WhiteElo "2197"]
[BlackElo "1862"]
[PlyCount "61"]
[EventDate "2024.??.??"]
[WhiteTeam "SG Post/Süd Regensburg"]
[BlackTeam "Schulschach IGS Trier e.V."]

1. c4 b6 2. Nc3 Bb7 3. e4 e6 4. Nge2 g6 5. d4 Bg7 6. Be3 d6 7. Qd2 c6 8. O-O-O Nd7 9. f4 Qc7 10. Kb1 Ne7 11. g3 a5 12. d5 exd5 13. cxd5 cxd5 14. Nb5 Qb8 15. Nec3 O-O 16. exd5 Nf5 17. Bf2 Nc5 18. g4 Ne7 19. Bg2 Bc8 20. Rde1 Re8 21. f5 Be5 22. Rxe5 dxe5 23. f6 Bxg4 24. fxe7 Rxe7 25. d6 Rd7 26. Bxc5 Bf5+ 27. Ka1 bxc5 28. Bxa8 Qxa8 29. Re1 e4 30. Nd5 Kg7 31. Nb6 1-0

[Event "XXVI. Rhein-Main-Open, Gruppe A"]
[Site "Bad Homburg vor der Höhe"]
[Date "2024.05.30"]
[Round "4"]
[White "Schmidt, Kai Uwe"]
[Black "Mayer, Frank"]
[Result "1-0"]
[WhiteElo "2001"]
[BlackElo "2009"]
[PlyCount "147"]
[EventDate "2024.??.??"]
[WhiteTeam "SC Pirmasens 1912"]
[BlackTeam "Wiesbadener SV 1885"]

1. Nf3 Nf6 2. d4 g6 3. g3 Bg7 4. Bg2 O-O 5. O-O d6 6. a4 c6 7. Re1 Qc7 8. b3 e5 9. e4 Bg4 10. dxe5 dxe5 11. Bb2 Re8 12. Nbd2 Na6 13. h3 Bxf3 14. Nxf3 Nh5 15. Qe2 Nc5 16. Rad1 Ne6 17. Kh2 c5 18. c3 c4 19. b4 Qc6 20. b5 Qc7 21. Ba3 Red8 22. Bf1 a6 23. Bb4 axb5 24. axb5 Qb6 25. Rd5 Rxd5 26. exd5 Nc7 27. d6 Nxb5 28. Rd1 e4 29. Nd2 Nxd6 30. Bxd6 Qxd6 31. Nxe4 Qc6 32. Qxc4 Nf6 33. Nd6 Qf3 34. Rd2 Rf8 35. Bg2 Qh5 36. Bxb7 Qe5 37. Bc8 Qe7 38. Nb5 Bh6 39. Ra2 Qe5 40. Nd4 Qb8 41. Ba6 Nd7 42. Re2 Bg7 43. Nc6 Qd6 44. Qd5 Qxd5 45. Ne7+ Kh8 46. Nxd5 Nf6 47. Ne3 Ne4 48. c4 Bd4 49. Nc2 Nc5 50. Nxd4 Nxa6 51. Nb5 Kg7 52. Re7 Kf6 53. Ra7 Nc5 54. Rc7 Ne6 55. Ra7 Nc5 56. Rc7 Ne6 57. Ra7 Rd8 58. Kg2 g5 59. Nc3 Rd4 60. Nd5+ Kg7 61. Ne3 Kf6 62. Ra6 Rd7 63. Kf3 h5 64. Ke4 h4 65. gxh4 gxh4 66. Nd5+ Kg5 67. Ke5 Rb7 68. Ra3 Nc5 69. Kd6 Ne4+ 70. Kc6 Rb2 71. f4+ Kg6 72. Ne7+ Kf6 73. Nd5+ Kg7 74. Ne3 1-0

[Event "XXVI. Rhein-Main-Open, Gruppe A"]
[Site "Bad Homburg vor der Höhe"]
[Date "2024.05.30"]
[Round "4"]
[White "Schneider, Till"]
[Black "Steigleder, Maximilian"]
[Result "0-1"]
[WhiteElo "1838"]
[BlackElo "1718"]
[PlyCount "48"]
[EventDate "2024.??.??"]
[WhiteTeam "SC Brett vorm Kopp Ffm"]
[BlackTeam "Sfr.1932 Kelkheim"]

1. e4 e5 2. Nf3 Nc6 3. d4 exd4 4. Nxd4 Bc5 5. Nb3 Bb6 6. Nc3 Nf6 7. Qe2 O-O 8. Bg5 h6 9. Bh4 Re8 10. O-O-O d6 11. Nd5 g5 12. Nxf6+ Qxf6 13. Bg3 a5 14. h4 a4 15. hxg5 Qxg5+ 16. Nd2 a3 17. Rh5 Qg7 18. Nc4 Bg4 19. Qe1 axb2+ 20. Kb1 Bxh5 21. Nxb6 cxb6 22. Rxd6 Rxa2 23. Kxa2 Ra8+ 24. Kb3 Ra1 0-1

[Event "XXVI. Rhein-Main-Open, Gruppe A"]
[Site "Bad Homburg vor der Höhe"]
[Date "2024.05.30"]
[Round "4"]
[White "Schroeder, Juergen"]
[Black "Schulze, Fabian"]
[Result "1/2-1/2"]
[WhiteElo "2017"]
[BlackElo "1790"]
[PlyCount "46"]
[EventDate "2024.??.??"]
[WhiteTeam "SC Matt im Park Ffm"]
[BlackTeam "SC Steinbach"]

1. e4 d5 2. exd5 Qxd5 3. d3 Nf6 4. Nc3 Qd8 5. g3 Bd7 6. Bg2 Bc6 7. Nf3 e6 8. O-O Be7 9. Re1 O-O 10. b3 Bb4 11. Bd2 Nbd7 12. a3 Be7 13. Ne2 b6 14. Bb4 Bb7 15. Bxe7 Qxe7 16. b4 Rfd8 17. Qb1 Rac8 18. d4 Nf8 19. Qb3 Ng6 20. c4 h5 21. h4 Ng4 22. Ne5 Bxg2 23. Kxg2 N4xe5 1/2-1/2

[Event "XXVI. Rhein-Main-Open, Gruppe A"]
[Site "Bad Homburg vor der Höhe"]
[Date "2024.05.30"]
[Round "4"]
[White "Schulze, Manfred"]
[Black "Neuhoff, Ulrich"]
[Result "1/2-1/2"]
[WhiteElo "1887"]
[BlackElo "1893"]
[PlyCount "87"]
[EventDate "2024.??.??"]
[WhiteTeam "SC Steinbach"]
[BlackTeam "SK Bad Homburg 1927"]

1. e4 e6 2. d3 d5 3. Nd2 Nf6 4. Ngf3 dxe4 5. dxe4 Bc5 6. h3 O-O 7. Bd3 b6 8. Nf1 h6 9. Ng3 Ba6 10. O-O Bxd3 11. cxd3 Nc6 12. Be3 Nd4 13. Bxd4 Bxd4 14. Qd2 c5 15. Rab1 Rc8 16. b3 Qd6 17. Rfd1 Qxg3 18. Nxd4 Qb8 19. Nf3 Nd7 20. Qb2 Rfd8 21. d4 cxd4 22. Nxd4 Nc5 23. f3 Qf4 24. Qf2 Kf8 25. Ne2 Qg5 26. h4 Qf6 27. Qg3 e5 28. Rbc1 Qe6 29. Qe1 Qe7 30. g3 Rb8 31. Rxd8+ Rxd8 32. Rd1 g5 33. Nc3 Ne6 34. Rxd8+ Qxd8 35. Nd5 Nd4 36. Qe3 f6 37. Kf2 Kf7 38. hxg5 hxg5 39. Qc1 Qd7 40. Kg2 Kg6 41. Qc8 Qxc8 42. Ne7+ Kf7 43. Nxc8 Nc6 44. Nd6+ 1/2-1/2

[Event "XXVI. Rhein-Main-Open, Gruppe A"]
[Site "Bad Homburg vor der Höhe"]
[Date "2024.05.30"]
[Round "4"]
[White "Seidel, Andre"]
[Black "Soppa, Christoph"]
[Result "1-0"]
[WhiteElo "2157"]
[BlackElo "1949"]
[PlyCount "77"]
[EventDate "2024.??.??"]
[WhiteTeam "SV Oberursel"]
[BlackTeam "SSG Hungen-Lich"]

1. d4 Nf6 2. Nf3 c5 3. e3 g6 4. c3 b6 5. Nbd2 Bb7 6. Bd3 Bg7 7. O-O O-O 8. e4 cxd4 9. cxd4 d6 10. Re1 Nc6 11. d5 Nb4 12. Bc4 a5 13. a3 Na6 14. Rb1 Nd7 15. b4 axb4 16. axb4 Ne5 17. Nxe5 Bxe5 18. Bb2 Bxb2 19. Rxb2 Qd7 20. Qe2 e6 21. dxe6 fxe6 22. Nf3 Nc7 23. Rd1 Rf4 24. Bd3 Raf8 25. Qe3 b5 26. Bb1 d5 27. e5 Qe7 28. Rd4 g5 29. Ra2 Na6 30. Rb2 Rxd4 31. Nxd4 Nxb4 32. Nxe6 Qxe6 33. Qxg5+ Kh8 34. Rxb4 d4 35. Rxd4 Qb6 36. Qh4 Qc7 37. Qxh7+ Qxh7 38. Bxh7 Rc8 39. f3 1-0

[Event "XXVI. Rhein-Main-Open, Gruppe A"]
[Site "Bad Homburg vor der Höhe"]
[Date "2024.05.30"]
[Round "4"]
[White "Sreeramulu, Aarush"]
[Black "Kuckel, Michael"]
[Result "1-0"]
[WhiteElo "1887"]
[BlackElo "1720"]
[PlyCount "47"]
[EventDate "2024.??.??"]
[WhiteTeam "SK Marburg 1931/72"]
[BlackTeam "SC Matt im Park Ffm"]

1. d4 f5 2. Nc3 Nf6 3. Bg5 e6 4. e4 fxe4 5. Nxe4 Be7 6. Bxf6 Bxf6 7. Nf3 O-O 8. Bd3 Nc6 9. c3 b6 10. Qc2 h6 11. O-O-O a5 12. h4 Ba6 13. Bxa6 Rxa6 14. Kb1 a4 15. Neg5 Re8 16. d5 exd5 17. Qh7+ Kf8 18. Qg6 hxg5 19. hxg5 Ne5 20. Rh8+ Ke7 21. gxf6+ gxf6 22. Nxe5 Rxh8 23. Qf7+ Kd6 24. Rxd5# 1-0

[Event "XXVI. Rhein-Main-Open, Gruppe A"]
[Site "Bad Homburg vor der Höhe"]
[Date "2024.05.30"]
[Round "4"]
[White "Stiller, Bjoern"]
[Black "Busch, Lorenz"]
[Result "1/2-1/2"]
[WhiteElo "1815"]
[BlackElo "1995"]
[PlyCount "49"]
[EventDate "2024.??.??"]
[WhiteTeam "SSG Hungen-Lich"]
[BlackTeam "SC Bellheim"]

1. e4 c5 2. d4 cxd4 3. c3 d5 4. exd5 Qxd5 5. cxd4 Nc6 6. Nf3 e5 7. Nc3 Bb4 8. Bd2 Bxc3 9. Bxc3 e4 10. Ne5 Nxe5 11. dxe5 Ne7 12. Qxd5 Nxd5 13. Bb5+ Ke7 14. Bd4 Rd8 15. Rc1 Bd7 16. Bc4 Rac8 17. O-O Rxc4 18. Rxc4 Bb5 19. Bc5+ Ke6 20. Rxe4 Bxf1 21. Kxf1 Rc8 22. Bd4 Nb4 23. a3 Rc4 24. f3 Nc6 25. Bc3 1/2-1/2

[Event "XXVI. Rhein-Main-Open, Gruppe A"]
[Site "Bad Homburg vor der Höhe"]
[Date "2024.05.30"]
[Round "4"]
[White "Wanie, Karsten"]
[Black "Schmidt, Markus"]
[Result "0-1"]
[WhiteElo "2023"]
[BlackElo "2137"]
[PlyCount "82"]
[EventDate "2024.??.??"]
[WhiteTeam "SC Matt im Park Ffm"]
[BlackTeam "SK Niederbrechen 1948"]

1. d4 Nf6 2. Nf3 e6 3. Bf4 c5 4. e3 Nc6 5. Nbd2 d5 6. c3 cxd4 7. exd4 Nh5 8. Be3 Bd6 9. Ne5 g6 10. Be2 Ng7 11. Nd3 f6 12. Bf3 Nf5 13. g3 Bd7 14. b4 Nxe3 15. fxe3 b6 16. c4 Nxb4 17. Nxb4 Bxb4 18. cxd5 O-O 19. dxe6 Bxe6 20. Bxa8 Qxa8 21. O-O Bxd2 22. Qxd2 Bd5 23. Qf2 Qe8 24. h4 Qe4 25. Kh2 h6 26. Rg1 g5 27. Raf1 f5 28. Rc1 Rf7 29. Rc8+ Kh7 30. Rgc1 a5 31. R8c7 Rxc7 32. Rxc7+ Kg6 33. Rc1 b5 34. a3 b4 35. axb4 axb4 36. Rg1 b3 37. Kh3 g4+ 38. Kh2 Qd3 39. Re1 Be4 40. Ra1 Qc3 41. Ra6+ Kg7 0-1

[Event "XXVI. Rhein-Main-Open, Gruppe A"]
[Site "Bad Homburg vor der Höhe"]
[Date "2024.05.30"]
[Round "4"]
[White "Werner, Claus"]
[Black "Martin, Reiner"]
[Result "1/2-1/2"]
[WhiteElo "2179"]
[BlackElo "1930"]
[PlyCount "76"]
[EventDate "2024.??.??"]
[WhiteTeam "SG Post/Süd Regensburg"]
[BlackTeam "SC Bad Soden"]

1. d4 Nf6 2. c4 c5 3. d5 e6 4. Nc3 exd5 5. cxd5 d6 6. e4 g6 7. f3 Bg7 8. Be3 O-O 9. Qd2 Re8 10. Nge2 a6 11. a4 Nbd7 12. Ng3 h5 13. Be2 h4 14. Nf1 h3 15. g4 Ne5 16. Ng3 c4 17. O-O Qc7 18. a5 Nfd7 19. Na4 Nd3 20. Nb6 Rb8 21. Nxc4 N3c5 22. Ra3 b5 23. axb6 Nxb6 24. b4 Nxc4 25. Bxc4 Nxe4 26. Nxe4 Rxe4 27. fxe4 Qxc4 28. Qf2 Bxg4 29. Qf4 Qe2 30. Qxf7+ Kh7 31. Qf2 Rxb4 32. Qxe2 Bxe2 33. Re1 Bg4 34. Rxa6 Rxe4 35. Bf2 Be2 36. Ra7 Kg8 37. Rxg7+ Kxg7 38. Bg3 Bf3 1/2-1/2

[Event "XXVI. Rhein-Main-Open, Gruppe A"]
[Site "Bad Homburg vor der Höhe"]
[Date "2024.05.30"]
[Round "4"]
[White "Wilk, Jan"]
[Black "Schmitt, Carsten"]
[Result "1/2-1/2"]
[WhiteElo "1874"]
[BlackElo "1947"]
[PlyCount "48"]
[EventDate "2024.??.??"]
[WhiteTeam "SC Bellheim"]
[BlackTeam "SV Bergwinkel"]

1. d4 d5 2. c4 e6 3. Nf3 Nf6 4. Nc3 Bb4 5. Bd2 O-O 6. e3 b6 7. Be2 dxc4 8. Bxc4 Bb7 9. O-O Nbd7 10. Qc2 Rc8 11. Nb5 Bxd2 12. Nxd2 a6 13. Nc3 b5 14. Be2 c5 15. dxc5 Nxc5 16. Rad1 b4 17. Nc4 Qc7 18. Nb1 Be4 19. Qc1 b3 20. axb3 Nxb3 21. Qc3 Qb7 22. Nbd2 Bxg2 23. Qxb3 Qxb3 24. Nxb3 Bxf1 1/2-1/2

[Event "XXVI. Rhein-Main-Open, Gruppe A"]
[Site "Bad Homburg vor der Höhe"]
[Date "2024.06.01"]
[Round "5"]
[White "Bach, Oliver"]
[Black "Hoelss, Manuel"]
[Result "1-0"]
[WhiteElo "1805"]
[BlackElo "1788"]
[PlyCount "79"]
[EventDate "2024.??.??"]
[WhiteTeam "Sabt Frankfurter TV 1860"]
[BlackTeam "SSG Hungen-Lich"]

1. d4 Nf6 2. Nf3 e6 3. c4 c5 4. d5 exd5 5. cxd5 d6 6. Nc3 Bf5 7. Bg5 Be7 8. Qb3 Na6 9. a3 Qc7 10. e4 Bxe4 11. Bb5+ Kf8 12. Bxf6 Bxf3 13. Bxg7+ Kxg7 14. gxf3 Rhe8 15. Bxe8 Rxe8 16. O-O-O Qd7 17. Ne4 f5 18. Qc3+ Kf7 19. Rhg1 Rf8 20. Ng5+ Ke8 21. Ne6 Bf6 22. Nxf8 Qf7 23. Qe3+ Kxf8 24. Qe6 Qxe6 25. dxe6 Ke7 26. Rg8 Kxe6 27. Ra8 c4 28. Rxa7 Nc5 29. Kc2 h5 30. Ra5 Nb3 31. Rb5 Nd4+ 32. Rxd4 Bxd4 33. Rxb7 Bxf2 34. a4 d5 35. a5 d4 36. a6 d3+ 37. Kd1 Bd4 38. a7 Bxb2 39. Rxb2 c3 40. Rb6+ 1-0

[Event "XXVI. Rhein-Main-Open, Gruppe A"]
[Site "Bad Homburg vor der Höhe"]
[Date "2024.06.01"]
[Round "5"]
[White "Bollmann, Henrik"]
[Black "Moeller, Dustin"]
[Result "1-0"]
[WhiteElo "2084"]
[BlackElo "2182"]
[PlyCount "209"]
[EventDate "2024.??.??"]
[WhiteTeam "SC Bad Nauheim"]
[BlackTeam "Preetzer TSV"]

1. c4 e6 2. Nf3 d5 3. g3 d4 4. Bg2 Nc6 5. O-O Bc5 6. d3 Nf6 7. Nbd2 a5 8. Nb3 Be7 9. e3 dxe3 10. Bxe3 Ng4 11. Bc5 O-O 12. d4 a4 13. Bxe7 Qxe7 14. Nc1 Rd8 15. Ne2 a3 16. Qc2 e5 17. d5 Nb4 18. Qc3 axb2 19. Qxb2 Nd3 20. Qc2 Ngxf2 21. Rxf2 Nxf2 22. Kxf2 Qc5+ 23. Kf1 Ra6 24. Qe4 Re8 25. Nc1 f5 26. Qe2 Ra4 27. Nd2 e4 28. Ncb3 Qa7 29. Nf3 f4 30. Nfd4 f3 31. Bxf3 Rf8 32. Qxe4 Rxc4 33. Kg2 Qa4 34. Qd3 Qb4 35. Rd1 Rc3 36. Qe2 Bd7 37. Rd3 Rxd3 38. Qxd3 Qd6 39. Qd2 c6 40. dxc6 bxc6 41. Nxc6 Qxd2+ 42. Nxd2 Rf6 43. Ne5 Be8 44. Bd5+ Kf8 45. Ndf3 Ke7 46. Bg8 h6 47. Kf2 Kd6 48. Ke3 Bh5 49. Bb3 Rf8 50. Nc4+ Kd5 51. Nce5+ Kd6 52. g4 Be8 53. Nc4+ Kc5 54. Nce5 Kd6 55. Ke4 g5 56. Ke3 Rf4 57. h4 Bc6 58. hxg5 hxg5 59. Nxc6 Kxc6 60. Bd1 Kd6 61. Nxg5 Rf1 62. Bb3 Rg1 63. Kf4 Rf1+ 64. Nf3 Rc1 65. Kg5 Rf1 66. Nh4 Ke7 67. Nf5+ Kf8 68. Kf6 Rc1 69. g5 Rc6+ 70. Be6 Rc7 71. Nh6 Rh7 72. Kg6 Rg7+ 73. Kf5 Ra7 74. Ng4 Ra5+ 75. Ne5 Kg7 76. g6 Ra6 77. Bf7 Kf8 78. Ke4 Kg7 79. Nd7 Rxa2 80. Bxa2 Kxg6 81. Kf4 Kg7 82. Kg5 Kh8 83. Kf6 Kh7 84. Ne5 Kh8 85. Ng6+ Kh7 86. Be6 Kh6 87. Bg8 Kh5 88. Ne5 Kh6 89. Ng4+ Kh5 90. Kf5 Kh4 91. Kf4 Kh5 92. Bf7+ Kh4 93. Bg6 Kh3 94. Ne3 Kh4 95. Ng2+ Kh3 96. Kf3 Kh2 97. Nf4 Kg1 98. Bd3 Kh2 99. Bf1 Kg1 100. Ke2 Kh2 101. Kf2 Kh1 102. Ne2 Kh2 103. Nd4 Kh1 104. Bg2+ Kh2 105. Nf3# 1-0

[Event "XXVI. Rhein-Main-Open, Gruppe A"]
[Site "Bad Homburg vor der Höhe"]
[Date "2024.06.01"]
[Round "5"]
[White "Busch, Lorenz"]
[Black "Klemp, Torben"]
[Result "1/2-1/2"]
[WhiteElo "1995"]
[BlackElo "1893"]
[PlyCount "60"]
[EventDate "2024.??.??"]
[WhiteTeam "SC Bellheim"]
[BlackTeam "SV Oberursel"]

1. e4 c6 2. d4 d5 3. e5 c5 4. dxc5 e6 5. Be3 Nc6 6. Nf3 Nge7 7. c3 Ng6 8. Bd4 f6 9. Bb5 Be7 10. O-O O-O 11. exf6 gxf6 12. Be3 e5 13. Nbd2 Kh8 14. Nb3 f5 15. Bh6 Rg8 16. Re1 f4 17. Bxc6 bxc6 18. Nxe5 Nxe5 19. Rxe5 Bh3 20. g3 fxg3 21. hxg3 Bf6 22. Re3 Qc7 23. Qf3 Rg6 24. Qf4 Qf7 25. Rae1 Rag8 26. Nd4 Rg4 27. Qd6 R4g6 28. Qf4 Rg4 29. Qd6 R4g6 30. Qf4 Rg4 1/2-1/2

[Event "XXVI. Rhein-Main-Open, Gruppe A"]
[Site "Bad Homburg vor der Höhe"]
[Date "2024.06.01"]
[Round "5"]
[White "Dubinker, Philipp"]
[Black "Schroeder, Juergen"]
[Result "1-0"]
[WhiteElo "1921"]
[BlackElo "2017"]
[PlyCount "115"]
[EventDate "2024.??.??"]
[WhiteTeam "SK Marburg 1931/72"]
[BlackTeam "SC Matt im Park Ffm"]

1. Nf3 g6 2. d4 Bg7 3. c4 d6 4. g3 c6 5. Bg2 Nd7 6. O-O Ngf6 7. Nc3 O-O 8. e4 e5 9. Be3 Ng4 10. Bg5 Bf6 11. Bxf6 Ngxf6 12. Qd2 Kg7 13. Rad1 Qc7 14. b4 Re8 15. d5 c5 16. b5 Nf8 17. Nh4 Qe7 18. Rde1 N6d7 19. Bh3 Nb6 20. Bxc8 Raxc8 21. Qd3 Nbd7 22. Nd1 h6 23. Ne3 Qg5 24. a4 Nh7 25. a5 Rf8 26. Kh1 Kh8 27. Qc2 Rce8 28. Qb1 Nhf6 29. Nf3 Qh5 30. Kg2 Nb8 31. h3 g5 32. Nf5 Rd8 33. h4 g4 34. Nh2 Qg6 35. f3 h5 36. Rf2 Rd7 37. Nf1 Rg8 38. N1e3 Kh7 39. Qd1 gxf3+ 40. Qxf3 Ng4 41. Rb2 Qf6 42. Rf1 Qd8 43. Ra2 Qf8 44. Qe2 f6 45. Ra3 Rf7 46. Qd3 Nd7 47. Nxg4 hxg4 48. Ne3 Rg6 49. Rf5 Rfg7 50. Ra2 Qd8 51. Rh5+ Kg8 52. Nf5 Qf8 53. Nxg7 Qxg7 54. Qf1 Qe7 55. Qf5 Kg7 56. Qe6 Qxe6 57. dxe6 Nb8 58. e7 1-0

[Event "XXVI. Rhein-Main-Open, Gruppe A"]
[Site "Bad Homburg vor der Höhe"]
[Date "2024.06.01"]
[Round "5"]
[White "Erdmann, Stefan"]
[Black "Qayumi, Roman"]
[Result "1-0"]
[WhiteElo "2110"]
[BlackElo "1889"]
[PlyCount "67"]
[EventDate "2024.??.??"]
[WhiteTeam "SK Bad Homburg 1927"]
[BlackTeam "SK Stadtallendorf"]

1. d4 d5 2. c4 c6 3. Nf3 Nf6 4. Nbd2 e6 5. g3 Nbd7 6. Bg2 Bd6 7. O-O O-O 8. Qc2 Qe7 9. Rd1 b6 10. e4 dxe4 11. Nxe4 Nxe4 12. Qxe4 Bb7 13. Ne5 Nf6 14. Qh4 c5 15. Bg5 Bxg2 16. Ng4 Qb7 17. Nxf6+ gxf6 18. Bxf6 Qe4 19. Qg5+ Qg6 20. Kxg2 Qxg5 21. Bxg5 f6 22. Bh6 Rfd8 23. b3 Kf7 24. Be3 Rab8 25. a4 a5 26. Kf3 Ke7 27. Ke2 Rg8 28. Rd3 cxd4 29. Bxd4 f5 30. Rad1 f4 31. Bb2 Rbd8 32. Rxd6 Rxd6 33. Ba3 fxg3 34. Bxd6+ 1-0

[Event "XXVI. Rhein-Main-Open, Gruppe A"]
[Site "Bad Homburg vor der Höhe"]
[Date "2024.06.01"]
[Round "5"]
[White "Eull, Emil"]
[Black "Diedrichs, Ralf Christian"]
[Result "1/2-1/2"]
[WhiteElo "2113"]
[BlackElo "1932"]
[PlyCount "147"]
[EventDate "2024.??.??"]
[WhiteTeam "SF Neuberg"]
[BlackTeam "SG Holzminden"]

1. Nf3 d5 2. c4 e6 3. b3 Nf6 4. Bb2 Bd6 5. g3 c6 6. Bg2 Qe7 7. d4 Ne4 8. O-O f5 9. Ne5 O-O 10. f3 Ng5 11. Qc1 Nd7 12. Ba3 Nxe5 13. dxe5 Bxa3 14. Qxa3 Qc7 15. f4 Nf7 16. Nc3 Rd8 17. Rfd1 Bd7 18. Rac1 dxc4 19. bxc4 Be8 20. c5 Rxd1+ 21. Rxd1 Rd8 22. Qxa7 Rxd1+ 23. Nxd1 Qd7 24. Qa4 g5 25. Qc2 gxf4 26. gxf4 Nh8 27. Qd3 Qxd3 28. exd3 Ng6 29. Bf3 Nxf4 30. Nb2 Kf8 31. Kf2 Ke7 32. Ke3 Nd5+ 33. Kd2 Kd8 34. Nc4 Kc7 35. Nd6 Bg6 36. h4 Nf4 37. d4 Nh5 38. Ke3 h6 39. Bd1 Ng7 40. Bb3 Bh5 41. Kf4 Bg6 42. a3 Nh5+ 43. Ke3 Ng7 44. Bc4 Bh5 45. a4 Bg6 46. a5 Bh5 47. a6 bxa6 48. Bxa6 Bg6 49. Be2 Kd7 50. Bf3 Kc7 51. Nc4 Be8 52. Na5 Bd7 53. Kf4 Be8 54. Ke3 Bd7 55. Nb3 Be8 56. Nc1 Bf7 57. Nd3 Be8 58. Nf4 Bf7 59. Kd2 Be8 60. Kc3 Bf7 61. Kb4 Be8 62. Ka5 Kb7 63. Be2 Bf7 64. Bf3 Be8 65. Kb4 Kc7 66. Kc3 Bf7 67. Kb4 Kb7 68. Ka5 Be8 69. Bd1 Bf7 70. Bb3 Ka7 71. Bc4 Kb7 72. Ba6+ Kc7 73. Bf1 Kb7 74. Be2 1/2-1/2

[Event "XXVI. Rhein-Main-Open, Gruppe A"]
[Site "Bad Homburg vor der Höhe"]
[Date "2024.06.01"]
[Round "5"]
[White "Faqiry, Ramat"]
[Black "Stiller, Bjoern"]
[Result "1/2-1/2"]
[WhiteElo "1982"]
[BlackElo "1815"]
[PlyCount "44"]
[EventDate "2024.??.??"]
[WhiteTeam "SK Bad Homburg 1927"]
[BlackTeam "SSG Hungen-Lich"]

1. d4 Nf6 2. c4 c5 3. e3 cxd4 4. exd4 d5 5. Nf3 Bf5 6. Nc3 e6 7. Bg5 Bb4 8. cxd5 Qxd5 9. Bd2 Bxc3 10. bxc3 O-O 11. Be2 Nc6 12. O-O Na5 13. Ne5 Be4 14. f3 Bf5 15. Qa4 Nc6 16. Bc4 Qd6 17. Nxc6 Qxc6 18. Bb5 Qd6 19. Bc1 Rfc8 20. Bb2 a6 21. Be2 Qf4 22. Bc1 Qd6 1/2-1/2

[Event "XXVI. Rhein-Main-Open, Gruppe A"]
[Site "Bad Homburg vor der Höhe"]
[Date "2024.06.01"]
[Round "5"]
[White "Fischer, Daniel"]
[Black "Jenisch, Achim"]
[Result "1-0"]
[WhiteElo "1977"]
[BlackElo "1948"]
[PlyCount "97"]
[EventDate "2024.??.??"]
[BlackTeam "SF Botvinnik Steinsfurt"]

1. Nf3 g6 2. g3 Bg7 3. Bg2 c5 4. c4 Nc6 5. Nc3 d6 6. O-O e5 7. a3 Nge7 8. Rb1 O-O 9. b4 Bf5 10. d3 Qd7 11. Nd5 cxb4 12. axb4 Nxd5 13. cxd5 Ne7 14. Qb3 Bh3 15. Bxh3 Qxh3 16. Ng5 Qd7 17. b5 b6 18. Ba3 Rfd8 19. Rfc1 Bh6 20. Ne4 Qb7 21. e3 f5 22. Nxd6 Qxd5 23. Rc7 Qxb3 24. Rxb3 Nd5 25. Rb7 Bf8 26. Nc4 Bg7 27. e4 fxe4 28. dxe4 Nf6 29. f3 Rd4 30. Ne3 Bh6 31. Bb2 Rd7 32. Rxd7 Nxd7 33. Ng4 Bg7 34. Rd3 Nc5 35. Rd5 a6 36. bxa6 Rxa6 37. Bxe5 Bxe5 38. Nxe5 Kg7 39. Nd7 Na4 40. Rd6 Kf7 41. f4 Ke7 42. e5 Nc3 43. Nxb6 Ra1+ 44. Kg2 Ra3 45. Nd5+ Nxd5 46. Rxd5 Ke6 47. Rd6+ Kf5 48. Kh3 h6 49. Rf6+ 1-0

[Event "XXVI. Rhein-Main-Open, Gruppe A"]
[Site "Bad Homburg vor der Höhe"]
[Date "2024.06.01"]
[Round "5"]
[White "Foerster Yialamas, Lucas"]
[Black "Nagel, Daniel"]
[Result "1-0"]
[WhiteElo "2116"]
[BlackElo "1928"]
[PlyCount "123"]
[EventDate "2024.??.??"]
[WhiteTeam "Sabt Frankfurter TV 1860"]
[BlackTeam "SF Neuberg"]

1. e4 c5 2. Nf3 d6 3. d4 cxd4 4. Nxd4 Nf6 5. Nc3 g6 6. Be3 Bg7 7. f3 O-O 8. Qd2 Nc6 9. O-O-O d5 10. exd5 Nxd5 11. Nxc6 bxc6 12. Bd4 e5 13. Bc5 Re8 14. Nxd5 cxd5 15. Qxd5 Qxd5 16. Rxd5 Be6 17. Rd6 Bxa2 18. b3 Rec8 19. Rd5 a5 20. Kb2 a4 21. Kxa2 axb3+ 22. Kxb3 Ra5 23. Bd3 Raxc5 24. Rxc5 Rxc5 25. g4 Bf6 26. Ra1 Rc7 27. Ra5 Kf8 28. Be4 Bg5 29. c4 Bf4 30. h3 Ke7 31. c5 Be3 32. Kc4 h5 33. c6 hxg4 34. hxg4 Kd6 35. Ra8 f5 36. Bd5 fxg4 37. fxg4 g5 38. Rd8+ Ke7 39. Rg8 Bf4 40. Rg7+ Kd8 41. Rg8+ Ke7 42. Be4 Be3 43. Rg7+ Kd8 44. Rg6 Re7 45. Kd5 Kc7 46. Rg8 Bf4 47. Ra8 Be3 48. Ra3 Bb6 49. Ra8 Be3 50. Rf8 Bf4 51. Rh8 Be3 52. Ra8 Bf4 53. Ra3 Bd2 54. Bf5 Bb4 55. Rb3 Ba5 56. Rb7+ Kd8 57. Rb8+ Kc7 58. Rc8+ Kb6 59. Rb8+ Kc7 60. Ra8 Bb4 61. Ra4 Bd6 62. Be4 1-0

[Event "XXVI. Rhein-Main-Open, Gruppe A"]
[Site "Bad Homburg vor der Höhe"]
[Date "2024.06.01"]
[Round "5"]
[White "Gerhard, Dominik"]
[Black "Schmidt, Kai Uwe"]
[Result "0-1"]
[WhiteElo "1781"]
[BlackElo "2001"]
[PlyCount "70"]
[EventDate "2024.??.??"]
[WhiteTeam "SV Oberursel"]
[BlackTeam "SC Pirmasens 1912"]

1. c4 c5 2. Nf3 Nc6 3. d4 cxd4 4. Nxd4 Qb6 5. Nb3 e6 6. Nc3 Nf6 7. a3 Be7 8. e4 O-O 9. Be2 Qc7 10. O-O b6 11. Bg5 Ng4 12. Bxg4 Bxg5 13. Nd4 Ne5 14. f4 Nxg4 15. Qxg4 Be7 16. b3 Qc5 17. Rfd1 Bb7 18. Qe2 a6 19. b4 Qc7 20. Rac1 Qxf4 21. e5 Bg5 22. Nc2 Rac8 23. Na4 Qxc4 24. Qxc4 Rxc4 25. Nxb6 Rc6 26. Nxd7 Bxc1 27. Rxc1 Rd8 28. Nc5 Ba8 29. Ne3 Rd2 30. Nc4 Rd4 31. Nd6 Rd5 32. Re1 a5 33. Rf1 axb4 34. axb4 Rxe5 35. Nd7 Re2 0-1

[Event "XXVI. Rhein-Main-Open, Gruppe A"]
[Site "Bad Homburg vor der Höhe"]
[Date "2024.06.01"]
[Round "5"]
[White "Haack, Kevin"]
[Black "Seidel, Andre"]
[Result "1-0"]
[WhiteElo "2286"]
[BlackElo "2157"]
[PlyCount "73"]
[EventDate "2024.??.??"]
[WhiteTeam "SV 1920 Hofheim"]
[BlackTeam "SV Oberursel"]

1. d4 d5 2. c4 c6 3. Nf3 Nf6 4. g3 g6 5. Bg2 Bg7 6. O-O O-O 7. Nc3 dxc4 8. e4 b5 9. Qe2 Bb7 10. a4 a6 11. e5 Nd5 12. e6 f5 13. Rd1 Qd6 14. Ng5 Rf6 15. Nf7 Qxe6 16. Qxe6 Rxe6 17. Nd8 Nxc3 18. bxc3 Bc8 19. Nxe6 Bxe6 20. axb5 Bd5 21. bxc6 Bxc6 22. Bxc6 Nxc6 23. Ra4 e6 24. Rxc4 Ne7 25. Re1 Kf7 26. Rc7 Rc8 27. Rxc8 Nxc8 28. Bd2 Nb6 29. Ra1 Nc4 30. Be1 e5 31. Rxa6 exd4 32. cxd4 f4 33. Kg2 fxg3 34. hxg3 h5 35. Bc3 Bf8 36. Rc6 Nd6 37. Bb4 1-0

[Event "XXVI. Rhein-Main-Open, Gruppe A"]
[Site "Bad Homburg vor der Höhe"]
[Date "2024.06.01"]
[Round "5"]
[White "Hagner, Bennet"]
[Black "Carow, Johannes"]
[Result "0-1"]
[WhiteElo "2314"]
[BlackElo "2455"]
[PlyCount "96"]
[EventDate "2024.??.??"]
[WhiteTeam "OSG Baden-Baden"]
[BlackTeam "Sfr.Heidesheim"]

1. e4 c6 2. d4 d5 3. e5 Bf5 4. h4 h5 5. Bd3 Bxd3 6. Qxd3 Qa5+ 7. b4 Qxb4+ 8. Nd2 e6 9. Rb1 Qe7 10. c4 Nh6 11. Ne2 Qd7 12. Nf3 dxc4 13. Qxc4 b5 14. Qd3 Na6 15. Ba3 Nc7 16. Bxf8 Kxf8 17. O-O Nf5 18. Ng3 Rc8 19. Qa3+ Qe7 20. Qxa7 g6 21. Rfc1 Nxg3 22. fxg3 Nd5 23. Qa6 Kg7 24. Rxc6 Ra8 25. Qxb5 Rxa2 26. Ng5 Ra7 27. Rf1 Qa3 28. Rf3 Ne3 29. Kh2 Ng4+ 30. Kh3 Qa1 31. Qf1 Qxf1 32. Rxf1 Re8 33. Ne4 Ne3 34. Rfc1 Rb8 35. R6c3 Nf5 36. Rd1 Rd7 37. Rcd3 Rb4 38. Nf6 Rdxd4 39. Rxd4 Nxd4 40. g4 hxg4+ 41. Nxg4 Rb3+ 42. Kh2 Nf5 43. h5 gxh5 44. Nf6 Kg6 45. Rd8 Nh6 46. g3 Re3 47. Nd7 Kg7 48. Kh3 Rd3 0-1